Cuadernos del mercado de trabajo (Registro nro. 26058)
[ vista simple ]
| 000 -CABECERA | |
|---|---|
| Longitud fija campo de control | 01881nms a2200481 c 4500 |
| 001 - NÚMERO DE CONTROL | |
| Número de control | 26058 |
| 003 - IDENTIFICADOR DE NÚMERO DE CONTROL | |
| Identificador del número de control | ES-MaCES |
| 005 - FECHA Y HORA DE LA ÚLTIMA TRANSACCIÓN | |
| Fecha y hora de la última transacción | 20250327144043.0 |
| 007 - PHYSICAL DESCRIPTION FIXED FIELD--GENERAL INFORMAT | |
| Campo fijo de descripción física | cr ||||||||||| |
| 008 - CAMPO FIJO DE DESCRIPCIÓN FIJA--INFORMACIÓN GENERAL | |
| Códigos de información de longitud fija | 110325d20082012sp fr p o| |spa d |
| 017 ## - NÚMERO DE REGISTRO DE DERECHOS DE AUTOR Y DEPÓSITO LEGAL | |
| Número de copyright o de depósito legal | Z 2456-2008 |
| Agencia que asigna el número | DL |
| 022 0# - ISSN (INTERNATIONAL STANDARD SERIAL NUMBER) | |
| Número Internacional Normalizado para Publicaciones Seriadas | 1889-2809 |
| 024 7# - OTROS IDENTIFICADORES | |
| Número normalizado o código | 794-10-099-9 |
| Fuente del número o código | nipo |
| 035 ## - NÚMERO DE CONTROL DEL SISTEMA | |
| Número de control del sistema | CES20110000055p |
| 040 ## - FUENTE DE CATALOGACIÓN | |
| Centro catalogador de origen | ES-MaCES |
| Lengua de catalogación | spa |
| Centro transcriptor | ES-MaCES |
| 245 00 - MENCIÓN DE TÍTULO | |
| Título | Cuadernos del mercado de trabajo |
| Medio | Recurso electrónico |
| 246 03 - FORMA VARIANTE DEL TÍTULO | |
| Título propio ; Título en breve | CMT |
| 260 ## - PUBLICACIÓN, DISTRIBUCIÓN, ETC (PIE DE IMPRENTA) | |
| Lugar de publicación, distribución, etc. | Zaragoza |
| Nombre del editor, distribuidor, etc. | Observatorio de las Ocupaciones del Servicio Público de Empleo Estatal, Dirección Provincial de Zaragoza |
| Fecha de publicación, distribución, etc. | 2008-2012 |
| 300 ## - DESCRIPCIÓN FÍSICA | |
| Extensión | v. |
| 310 ## - PERIODICIDAD ACTUAL DE LA PUBLICACIÓN | |
| Periodicidad actual | Semestral |
| 362 0# - DATOS DE LA PUBLICACIÓN Y/O DESIGNACIÓN SECUENCIAL | |
| Fecha de publicación y;o designación secuencial | -n. 8 (en. 2012) |
| 500 ## - NOTA GENERAL | |
| Nota general | Cerrada la suscripción de la ed. impresa, continua ed. electrónica |
| 500 ## - NOTA GENERAL | |
| Nota general | Descripción basada en: n. 2 (en. 2009) |
| 541 ## - NOTA DE LA FUENTE INMEDIANTE DE ADQUISICIÓN | |
| Forma de adquisición | Gratuito |
| 592 ## - CES. NOTA ESTADO DE LA PUBLICACIÓN | |
| Estado publicación | Viva |
| 650 #4 - ASIENTO SECUNDARIO DE MATERIA--TÉRMINO DE MATERIA | |
| Término de materia o nombre geográfico como elemento inicial | España |
| 9 (RLIN) | 26964 |
| 650 #4 - ASIENTO SECUNDARIO DE MATERIA--TÉRMINO DE MATERIA | |
| Término de materia o nombre geográfico como elemento inicial | servicio de empleo |
| 9 (RLIN) | 28311 |
| 650 #4 - ASIENTO SECUNDARIO DE MATERIA--TÉRMINO DE MATERIA | |
| Término de materia o nombre geográfico como elemento inicial | investigación ocupacional |
| 9 (RLIN) | 29814 |
| 650 #4 - ASIENTO SECUNDARIO DE MATERIA--TÉRMINO DE MATERIA | |
| Término de materia o nombre geográfico como elemento inicial | inserción profesional |
| 9 (RLIN) | 29942 |
| 650 #4 - ASIENTO SECUNDARIO DE MATERIA--TÉRMINO DE MATERIA | |
| Término de materia o nombre geográfico como elemento inicial | formación profesional |
| 9 (RLIN) | 27394 |
| 650 #4 - ASIENTO SECUNDARIO DE MATERIA--TÉRMINO DE MATERIA | |
| Término de materia o nombre geográfico como elemento inicial | análisis del mercado de mano de obra |
| 9 (RLIN) | 30745 |
| 650 #4 - ASIENTO SECUNDARIO DE MATERIA--TÉRMINO DE MATERIA | |
| Término de materia o nombre geográfico como elemento inicial | empleo |
| 9 (RLIN) | 28299 |
| 650 #4 - ASIENTO SECUNDARIO DE MATERIA--TÉRMINO DE MATERIA | |
| Término de materia o nombre geográfico como elemento inicial | mercado de trabajo |
| 9 (RLIN) | 28292 |
| 650 #4 - ASIENTO SECUNDARIO DE MATERIA--TÉRMINO DE MATERIA | |
| 9 (RLIN) | 28300 |
| Término de materia o nombre geográfico como elemento inicial | política de empleo |
| 653 10 - TÉRMINO DE INDEXACIÓN--NO CONTROLADO | |
| Término no controlado | Relaciones laborales-Empleo |
| 710 2# - ENCABEZAMIENTO SECUNDARIO--NOMBRE CORPORATIVO | |
| Nombre de entidad o nombre de jurisdicción como elemento inicial | Servicio Público de Empleo Estatal (España) |
| Unidad subordinada | Observatorio de las Ocupaciones |
| -- | Dirección Provincial de Zaragoza |
| Término indicativo de función | ed. |
| 9 (RLIN) | 4956 |
| 853 21 - LEYENDAS Y PATRÓN--UNIDAD BIBLIOGRÁFICA BÁSICA | |
| Segundo nivel de enumeración | n. |
| Primer nivel de cronología | año |
| Segundo nivel de cronología | mes |
| Frecuencia | f |
| Patrón de regularidad | pm01,06 |
| 856 4# - ACCESO ELECTRÓNICO | |
| Identificador Uniforme del Recurso (URI) | <a href="https://www.sepe.es/HomeSepe/que-es-observatorio/Hipatia/cuadernos-mercado-trabajo/historico.html">https://www.sepe.es/HomeSepe/que-es-observatorio/Hipatia/cuadernos-mercado-trabajo/historico.html</a> |
| Texto del enlace | texto completo desde n. 1 (2008) |
| 905 ## - CES. DATOS REVISTA | |
| Boletín de sumarios (Sirtex 591$a) | Boletín B |
| Formato | P-OL |
| Kardex | SÍ |
| Abreviatura boletín | CuaMerTra |
| Proceso | + |
| 942 ## - ELEMENTOS KOHA | |
| Fuente de clasificaión o esquema | Clasificación propia del CES |
| Koha [por defecto] tipo de item | Periódicas |
| Parte de clasificación | 2.0. |
No hay ítems disponibles.
